| 000 | 00893nam a2200205 4500 | ||
|---|---|---|---|
| 999 |
_c56943 _d56943 |
||
| 003 | Ge_BSU | ||
| 005 | 20190708173506.0 | ||
| 008 | 190708s2004 ge ||||| |||| 00| 0 geo d | ||
| 041 | _ageo | ||
| 080 | _a629.33(075.32) ა-14 | ||
| 100 |
_aაბაშიძე,ინდიკო _91204 |
||
| 245 |
_aავტომობილის მოწყობილობის დაპროგრამებული დავალებები / _cინდიკო აბაშიძე |
||
| 264 |
_aბათუმი : _bგამ - ბა აჭარა ; _c2004. |
||
| 300 |
_a119 გვ. ; _c20 სმ. |
||
| 653 | _aავტომობილის მოწყობილობები | ||
| 653 | _aტექნიკა | ||
| 710 |
_aსტუ _93169 |
||
| 710 |
_aბათუმის პოლიტექნიკური ინ - ტი _93170 |
||
| 942 |
_2udc _cBK |
||